| 000 | 01469pam a2200457 a 4500 | ||
|---|---|---|---|
| 999 |
_c29314 _d29285 |
||
| 001 | 015287454 | ||
| 003 | EG-ScBUE | ||
| 005 | 20210803131105.0 | ||
| 006 | m||||fq||h 00| 0 | ||
| 008 | 090604t2010 nyua f d 001 0 eng d | ||
| 020 | _a9781439055588 (pbk.) | ||
| 020 | _a1439055580 (pbk.) | ||
| 020 | _a1428320768 (cd) | ||
| 020 | _a978428320765 (cd) | ||
| 040 |
_aStDuBDS _beng _erda _cStDuBDS _dUk |
||
| 082 | 0 | 4 |
_a346.7303 _bOKR _222 |
| 100 | 1 | 0 |
_aOkrent, Cathy J., _eauthor. |
| 245 | 1 | 0 |
_aTorts and personal injury law / _cCathy J. Okrent. |
| 250 |
_aFourth edition, _binternational edition. |
||
| 264 | 1 |
_aClifton Park, NY : _bDelmar, Cengage Learning, _c[2010] |
|
| 264 | 4 | _cc2010 | |
| 300 |
_axx, 456 pages : _billustrations ; _c24 cm + _e1 CD |
||
| 336 |
_atext _2rdacontent _btxt |
||
| 336 |
_asounds _2rdacontent _bsnd |
||
| 337 |
_aunmediated _2rdamedia _bn |
||
| 337 |
_aaudio _2rdamedia _bs |
||
| 338 |
_avolume _2rdacarrier _bnc |
||
| 338 |
_acomputer disc _2rdacarrier _bcd |
||
| 500 | _aPrevious ed.: Albany, N.Y.: Delmar, 2003. | ||
| 500 |
_aFormerly CIP. _5Uk |
||
| 500 | _aIncludes appendices. | ||
| 500 | _aIncludes glossary. | ||
| 500 | _aIncludes index. | ||
| 650 | 7 |
_aTorts _zUnited States. _2BUEsh _940565 |
|
| 650 | 7 |
_aPersonal injuries _zUnited States. _2BUEsh |
|
| 653 |
_bLLAAWW _cAugust2021 |
||
| 655 |
_vReading book _934232 |
||
| 942 |
_2ddc _cBB |
||